000 00907nam a22002537a 4500
999 _c15648
_d15648
003 MIRAKIL
005 20240314123009.0
008 240314b tu ||||| |||| 00| 0 tur d
020 _a9789751631190
040 _aTR-AnCHP
_cTR-AnCHP
041 _atur
082 _a920
_bG71y 2019
100 1 _aGöçgün, Önder
_d1945-
245 1 0 _aYahya Kemal Beyatlı /
_cÖnder Göçgün.
250 _aİkinci baskı: Ankara 2019 Aralık
260 _aKavaklıdere, Ankara :
_bTürk Dil Kurumu (TDK),
_c2019.
300 _a111 sayfa :
_bresim ;
_c23 cm
490 0 _aAtatürk , Kültür Dil ve Tarih Yüksek Kurumu Türk Dil Kurumu yayınları ;
_v1153.
490 0 _aTürkçeye emek verenler dizisi ;
_v29.
504 _aKaynakça: sayfa 109-111.
600 0 _96488
_aBeyatlı, Yahya Kemal
856 _zDijital Nüshası için Partimizin Kütüphane Sorumlusu ile iletişime geçiniz.
942 _2ddc
_cBKS